Pays où le français est une langue officielle - Statistiques

Statistiques générales
  • Ce quiz a été pris 321 fois
  • Le résultat moyen est 4 sur 18
Answers on the Grid
Answers color-coded by a green-red scale on the quiz's grid according to % correct below.
France
Cameroun
Tunisie
Canada
Mali
Algérie
Togo
Comores
Haiti
Syrie
Belgique
République Centrafricaine
Sainte-Lucie
Sénégal
Andorre
Burundi
Luxembourg
Liban
Rwanda
RDC
Saint-Vincent-et-les-Grenadines
Vanuatu
Niger
Djibouti
Monaco
Soudan
Suisse
Tchad
Malte
Maroc
 
Statistiques - réponses
Réponse % Correct
France
82%
Canada
47%
Belgique
40%
Suisse
39%
Monaco
38%
Cameroun
37%
Luxembourg
36%
Sénégal
25%
RDC
21%
Haiti
19%
République Centrafricaine
12%
Togo
11%
Djibouti
10%
Comores
9%
Rwanda
8%
Vanuatu
7%
Tchad
5%
Burundi
3%
Aucun quiz correspondant
Distribution des résultats
% des personnes avec chaque résultat
Percentile par nombre de réponses
Votre historique - résultats
Vous n’avez pas pris ce quiz